000 00722nam a22002297a 4500
005 20140821103503.0
010 _aENG-107869
020 _a9788120347779
_c495.00
035 _aEN-91402
035 _aB-536869-883
037 _bDBAD/PUB
037 _bUBH/Ven
_adpl
082 _a000
100 _aPraveen, R.V.
245 _aQuantitative aptitude and reasoning /
_cby R.V. Praveen
250 _a2nd ed
260 _aDelhi
_bPHI Learning
_c2013
270 _aRimjhim house, 111, Patparganj Industrial Estate
_bDelhi
_e110092
300 _avarious pagings
_c24cm(pbk)
942 _2ddc
_cEN
_mPRA
_h000
999 _c77351
_d77351